Basic film-making /

Bibliographic Details
Main Author: Hodgdon, Dana H.
Other Authors: Kaminsky, Stuart M.
Format: Book
Language:English
Published: New York : Arco Pub., [1981]
Series:Arco film series.
Subjects:

MARC

Tag First Indicator Second Indicator Subfields
LEADER 00000cam a2200000 a 4500
001 in00000088415
005 20151008063207.0
008 810119s1981 nyua 00110 eng
010 |a  81000613  
020 |a 0668051485 
020 |a 0668051566 (pbk.) 
035 |a (OCoLC)07205462 
035 |9 AAK1763AM 
039 0 |a 2  |b 3  |c 3  |d 3  |e 3 
040 |a DLC  |c DLC  |d OCL  |d TXA  |d UtOrBLW 
049 |a TXAM  |c [1387823] 
050 0 0 |a TR850  |b  H57 
082 0 |a 778.5/3  |2 19 
100 1 |a Hodgdon, Dana H. 
245 1 0 |a Basic film-making /  |c Dana H. Hodgdon, Stuart M. Kaminsky. 
264 1 |a New York :  |b Arco Pub.,  |c [1981] 
264 4 |c ©1981 
300 |a 175 pages :  |b illustrations ;  |c 24 cm. 
336 |a text  |b txt  |2 rdacontent 
337 |a unmediated  |b n  |2 rdamedia 
338 |a volume  |b nc  |2 rdacarrier 
490 1 |a Arco film series 
500 |a Includes index. 
650 0 |a Cinematography. 
700 1 |a Kaminsky, Stuart M. 
830 0 |a Arco film series. 
999 |a MARS 
999 f f |s 9c018e4a-7fa4-3d66-b0cc-715f7b88cd47  |i 743db1cc-24ff-3b3a-80bd-09179b31aced  |t 0 
952 f f |p ric  |a Texas A&M University  |b Rellis Campus  |c Joint Library Facility  |d Remote Storage  |t 0  |e TR850 H57  |h Library of Congress classification  |i unmediated -- volume  |m A14805969303 
998 f f |a TR850 H57  |t 0  |l Remote Storage